Statistiques concernant Pays du monde

Cliquez ici pour prendre le quiz!

Statistiques générales

  • Ce quiz a été pris 1,548,787 fois
    (1,548,759 depuis la dernière actualisation)
  • Le résultat moyen est 102 sur 196

Statistiques - réponses

Pays % Correct
France
98%
Italie
96%
Russie
96%
Canada
96%
Etats-Unis
95%
Chine
95%
Espagne
95%
Brésil
94%
Australie
94%
Mexique
94%
Allemagne
94%
Portugal
93%
Japon
92%
Inde
91%
Maroc
91%
Suède
89%
Suisse
89%
Afrique du Sud
88%
Argentine
88%
Royaume-Uni
88%
Norvège
87%
Égypte
87%
Irlande
87%
Algérie
87%
Belgique
86%
Grèce
85%
Chili
84%
Finlande
84%
Turquie
83%
Madagascar
83%
Tunisie
81%
Islande
80%
Pays-Bas
80%
Pologne
80%
Cuba
79%
Corée du Nord
78%
République démocratique
du Congo
78%
Pérou
78%
République du Congo
78%
Danemark
78%
Corée du Sud
78%
Nouvelle-Zélande
76%
Iran
76%
Mongolie
76%
Ukraine
75%
Irak
74%
Autriche
72%
Arabie Saoudite
72%
Colombie
71%
Lituanie
70%
Roumanie
69%
Lettonie
69%
Indonésie
69%
Estonie
68%
Viêt Nam
68%
Bolivie
68%
Thaïlande
68%
Uruguay
67%
Libye
66%
Pakistan
66%
Croatie
65%
Venezuela
64%
Israël
64%
Mali
64%
Luxembourg
63%
Paraguay
63%
Afghanistan
63%
République tchèque
63%
Équateur
63%
Hongrie
61%
Syrie
60%
Sénégal
60%
Niger
59%
Somalie
58%
Soudan
58%
Slovaquie
58%
Panama
57%
Haïti
57%
Éthiopie
57%
Biélorussie
56%
Bulgarie
55%
Côte d'Ivoire
55%
Laos
55%
Kazakhstan
53%
Slovénie
53%
Cambodge
52%
Liban
52%
République dominicaine
51%
Nigeria
51%
Serbie
51%
Népal
51%
Philippines
51%
Kenya
51%
Albanie
50%
Yémen
50%
Guinée
50%
Costa Rica
49%
Sri Lanka
48%
Mauritanie
48%
Cameroun
47%
Birmanie
46%
Malaisie
46%
Bosnie-Herzégovine
45%
Togo
45%
Guatemala
45%
Honduras
45%
Ouzbékistan
45%
Jamaïque
45%
Jordanie
44%
Émirats arabes unis
44%
Papouasie-Nouvelle-
Guinée
44%
Macédoine du Nord
44%
Tchad
44%
Chypre
44%
Malte
43%
Monaco
43%
Qatar
42%
Angola
42%
Zimbabwe
42%
Andorre
41%
Nicaragua
41%
Vatican
41%
Oman
41%
Taïwan
41%
Tanzanie
41%
Turkménistan
40%
Monténégro
40%
Namibie
39%
Suriname
39%
Arménie
39%
Burkina Faso
39%
Moldavie
39%
Rwanda
38%
Bénin
38%
Guyana
38%
Mozambique
37%
Ghana
37%
Bangladesh
37%
Kosovo
36%
Géorgie
36%
République
Centrafricaine
36%
Gabon
36%
Zambie
35%
Ouganda
34%
Belize
34%
Cap-Vert
34%
Liechtenstein
33%
Azerbaïdjan
33%
Koweït
33%
Érythrée
33%
Botswana
32%
Singapour
31%
Liberia
31%
Lesotho
31%
Bhoutan
31%
Salvador
31%
Bahamas
31%
Île Maurice
30%
Tadjikistan
29%
Fidji
29%
Saint-Marin
28%
Soudan du Sud
28%
Guinée équatoriale
27%
Djibouti
27%
Guinée-Bissau
27%
Seychelles
26%
Burundi
26%
Sierra Leone
26%
Malawi
25%
Gambie
24%
Maldives
24%
Eswatini
24%
Comores
23%
Kirghizistan
23%
Dominique
22%
Barbade
22%
Vanuatu
21%
Bahreïn
21%
Micronésie
21%
Trinité-et-Tobago
21%
Sainte-Lucie
20%
Tonga
20%
Samoa
19%
Brunei
19%
Îles Marshall
18%
Saint-Vincent-et-les-
Grenadines
18%
Antigua-et-Barbuda
17%
Grenade
17%
Tuvalu
17%
Salomon
17%
Timor oriental
16%
Saint-Christophe-
et-Niévès
16%
Sao Tomé-et-Principe
16%
Palaos
15%
Kiribati
15%
Nauru
14%

Distribution des résultats

Percentile by Number Answered

% des personnes avec chaque résultat

Votre développement - résultats

Vous n’avez pas pris ce quiz depuis la dernière actualisation